书目信息 |
| 题名: |
劳务合作实务100例
|
|
| 作者: | 雷胜强 主编 | |
| 分册: | ||
| 出版信息: | 北京 中国建筑工业出版社 1998.08 |
|
| 页数: | 378页 | |
| 开本: | 32开 | |
| 丛书名: | ||
| 单 册: | ||
| 中图分类: | D923.605 | |
| 科图分类: | ||
| 主题词: | 法律--中国 | |
| 电子资源: | ||
| ISBN: | 7-112-03565-1 | |
| 000 | 00567nam0 2200193 45 | |
| 001 | 0009260993 | |
| 005 | 20001203151810.5 | |
| 010 | @a7-112-03565-1@d20.00元 | |
| 100 | @a20000926d1998 km y0chiy0120 ea | |
| 101 | 0 | @achi |
| 105 | @a z 000yy | |
| 200 | 1 | @a劳务合作实务100例@ALao Wu He Zuo Shi Wu 100 Li@f雷胜强主编@FLei Sheng Qiang Zhu Bian |
| 210 | @a北京@c中国建筑工业出版社@d1998.08 | |
| 215 | @a378页@d32开 | |
| 606 | 0 | @a法律@x中国 |
| 690 | @aD923.605@v3 | |
| 701 | 0 | @a雷胜强@4主编 |
| 801 | @aCN@bPftUser@c20000926 | |
| 905 | @dD923.605@eL691@b511690-694@f5 | |
| 劳务合作实务100例/雷胜强主编.-北京:中国建筑工业出版社,1998.08 |
| 378页;32开 |
| ISBN 7-112-03565-1:20.00元 |
| ● |
| 相关链接 |
|
|
|
正题名:劳务合作实务100例
索取号:D923.605/L691
 
预约/预借
| 序号 | 登录号 | 条形码 | 馆藏地/架位号 | 状态 | 备注 |
| 1 | 511690 | 205116907 | 社科库509/422社科库 39排3列5层/ [索取号:D923.605/L691] | 在馆 | |
| 2 | 511691 | 205116916 | 社科库509/422社科库 39排3列5层/ [索取号:D923.605/L691] | 在馆 | |
| 3 | 511692 | 205116925 | 社科库509/509社科库 93排2列4层/ [索取号:D923.605/L691] | 在馆 | |
| 4 | 511693 | 205116934 | 社科库509/422社科库 39排3列5层/ [索取号:D923.605/L691] | 在馆 | |
| 5 | 511694 | 205116943 | 社科库509/422社科库 39排3列5层/ [索取号:D923.605/L691] | 在馆 |